000 02735nam a2200265Ia 4500
003 Ost
005 20260507074942.0
008 260507s9999||||xx |||||||||||||| ||und||
020 _a9957312294
040 _cfsecg
041 _aara
082 _a658.403
100 _aالسيفو، وليد اسماعيل
_eمؤلف
245 0 _aالاقتصاد الاداري :
_bمدخل كمي في استراتيجية اتخاذ القرار /
_c وليد اسماعيل السيفو
260 _aعمان:
_bالاهلية للنشر,
_c2007
300 _a272 صفحة؛
_c24 سم
504 _aبيبليوغرافيا ص.271
520 _aالفصل الأول : مفاهيم وتعاريف أساسية : طبيعة ومفهوم الاقتصاد الإداري : النظرية الاقتصادية والاقتصاد الإداري : الدوال ، المعادلات ، المتغيرات والثوابت-الفصل الثاني : نظريات الربح وبدائل نظريات الربح : مفاهيم وطرق حساب الربح : أهمية اعتماد الربح الاقتصادي في اتخاذ القرار : تعظيم قيمة المنشأة وطرق حسابها-الفصل الثالث : تقنيات الحل الأمثل (الأمثلية) : مفهوم تقنيات اتخاذ القرار وحالاته : الحل الأمثل وفق الطرق الكلاسيكية : طريقة التحليل الحدي-الفصل الرابع : البرمجة الخطية : مفهوم تقنية البرمجة الخطية : فرضيات تقنية البرمجة الخطية-الفصل الخامس : اتخاذ القرارات في ظل المخاطرة (محيط المخاطرة) : مفهوم محيط المخاطرة : كيفية قياس محيط المخاطرة : خصائص التوزيع الاحتمالي-الفصل السادس : تقنيات متقدمة لاتخاذ القرارات في محيط المخاطرة : مفهوم نظرية المنفعة المتوقعة : محب المخاطرة : مجانب المخاطرة-الفصل السابع : اتخاذ القرارات في محيط عدم التأكد باستخدام التقنية القياسية : مفهوم الاقتصاد القياسي التحليلي-الفصل الثامن : اتخاذ القرارات باستخدام تقنيات نظرية المباريات : مفهوم نظرية المباريات : تحليل بياني مبسط لنظرية المباريات.
653 _aاتخاذ القرار
653 _aاستراتيجية
653 _aاقتصاد اداري
653 _aمدخل كمي
700 _aبلعربي، عبد الحفيظ قدور
_eمؤلف ثانوي
942 _cكتاب
999 _c41940
_d41940